| 000 | 00465nam a2200205Ia 4500 | ||
|---|---|---|---|
| 003 | 0100 | ||
| 008 | 130303s9999 xx 000 0 und d | ||
| 040 | _cARRUPELIB | ||
| 050 | _aBL2443.S831960 | ||
| 100 | _aSauneron, Serge | ||
| 245 | 4 | _aThe priest of ancient Egypt | |
| 260 | _aNew York | ||
| 260 | _bGrove Press | ||
| 260 | _C1960 | ||
| 300 | _a191 p. | ||
| 300 | _b ill. 18 cm | ||
| 650 | _bBrainwashing | ||
| 700 | _aSerge Sauneron | ||
| 942 | 0 | 0 | _01 |
| 999 |
_c46998 _d46998 |
||